[Event "Mittelfrankenliga 05/06 (B1)"]
[Site "Mfr.2005/06-R2"]
[Date "2005.11.20"]
[Round "2.5"]
[White "Braun, Robert[74]"]
[Black "Petzold, Vinzenz"]
[Result "0-1"]
[WhiteElo "1960"]
[BlackElo "2068"]
[Annotator "SG/TB Erlangen1-Büchenbach/Rh.1"]
[PlyCount "86"]
[EventDate "2005.11.20"]
[SourceDate "2005.10.17"]

1. e4 c5 2. Nf3 Nc6 3. d4 cxd4 4. Nxd4 Nf6 5. Nc3 e5 6. Ndb5 d6 7. Nd5 Nxd5 8.
exd5 Nb8 9. c4 Be7 10. Bd3 a6 11. Nc3 O-O 12. Qh5 g6 13. Qh6 Bf6 14. Ne4 Bg7
15. Qg5 f6 16. Qh4 Bf5 17. g4 Bxe4 18. Bxe4 Nd7 19. Rg1 Rf7 20. Bd2 Nc5 21. Bc2
a5 22. b3 Qe7 23. Be3 b6 24. Kf1 Re8 25. Re1 Qc7 26. Qg3 Rfe7 27. Bxc5 Qxc5 28.
Be4 Bh6 29. Qd3 Rg7 30. h4 Bf4 31. Rh1 Qc8 32. f3 Rf8 33. Qc2 f5 34. Bd3 fxg4
35. h5 Bg5 36. hxg6 Rxf3+ 37. Kg2 Qf8 38. Ref1 Qf4 39. Rxh7 Qg3+ 40. Kh1 Rxd3
41. Qf2 Qxf2 42. Rxf2 Rd1+ 43. Kg2 Rd2 0-1

[Event "Mittelfrankenliga 05/06 (B1)"]
[Site "Mfr.2005/06-R2"]
[Date "2005.11.20"]
[Round "2.6"]
[White "Walter, Thomas[78]"]
[Black "Kittsteiner, Peter"]
[Result "1-0"]
[WhiteElo "2034"]
[BlackElo "1864"]
[Annotator "SG/TB Erlangen1-Büchenbach/Rh.1"]
[PlyCount "53"]
[EventDate "2005.11.20"]
[SourceDate "2005.10.17"]

1. e4 e5 2. Nf3 Nc6 3. d4 exd4 4. Bc4 Be7 5. Nxd4 d6 6. Nxc6 bxc6 7. Qh5 g6 8.
Qf3 Be6 9. Bxe6 fxe6 10. Qc3 Bf6 11. Qxc6+ Kf7 12. O-O Ne7 13. Qa4 Kg7 14. c3
Rf8 15. Be3 c6 16. f4 e5 17. fxe5 Bxe5 18. Nd2 d5 19. Rxf8 Qxf8 20. Rf1 Qd8 21.
Nf3 Bc7 22. Ng5 Kg8 23. Nf7 Qb8 24. Nh6+ Kg7 25. Rf7+ Kh8 26. Bd4+ Be5 27. Rxe7
1-0

[Event "Mittelfrankenliga 05/06 (B1)"]
[Site "Mfr.2005/06-R2"]
[Date "2005.11.20"]
[Round "2.7"]
[White "Mueller, Maximilian[58]"]
[Black "Weiss, Michael[81]"]
[Result "1-0"]
[WhiteElo "1857"]
[BlackElo "1956"]
[Annotator "SG/TB Erlangen1-Büchenbach/Rh.1"]
[PlyCount "59"]
[EventDate "2005.11.20"]
[SourceDate "2005.10.17"]

1. e4 e6 2. d4 d5 3. Nc3 Bb4 4. e5 Ne7 5. a3 Bxc3+ 6. bxc3 c5 7. Nf3 Bd7 8. Be2
Qa5 9. Bd2 Ba4 10. Qb1 Nbc6 11. c4 Qc7 12. c3 f6 13. exf6 gxf6 14. cxd5 Nxd5
15. O-O O-O-O 16. Qe4 Rhe8 17. dxc5 Bb3 18. c4 f5 19. Qb1 Nde7 20. Qxb3 e5 21.
Bc3 Rg8 22. Qb2 Ng6 23. Rfd1 Rxd1+ 24. Rxd1 e4 25. Nd4 Nh4 26. g3 Ne5 27. Nb5
Nhf3+ 28. Kh1 Qe7 29. Rd5 Qh4 30. Nd6+ 1-0

[Event "Mittelfrankenliga 05/06 (B1)"]
[Site "Mfr.2005/06-R2"]
[Date "2005.11.20"]
[Round "2.8"]
[White "Salzwedel, Wolfgang"]
[Black "Ludwig, Michael[70]"]
[Result "0-1"]
[WhiteElo "1977"]
[BlackElo "1822"]
[Annotator "SG/TB Erlangen1-Büchenbach/Rh.1"]
[PlyCount "102"]
[EventDate "2005.11.20"]
[SourceDate "2005.10.17"]

1. e4 c6 2. d4 d5 3. e5 Bf5 4. Bd3 Bxd3 5. Qxd3 e6 6. Nf3 c5 7. c3 Nc6 8. O-O
Rc8 9. a3 Qb6 10. b4 cxd4 11. cxd4 Nge7 12. Nc3 Ng6 13. Be3 Be7 14. Na4 Qd8 15.
Rac1 O-O 16. Rc2 Qd7 17. Qb3 Rc7 18. Rfc1 Rfc8 19. Bd2 f6 20. exf6 Bxf6 21. Nc5
Qf7 22. Qe3 Nce7 23. Rc3 Nf8 24. Kh1 Nf5 25. Qd3 b6 26. Nb3 Nd6 27. Rxc7 Rxc7
28. Rxc7 Qxc7 29. Bf4 Qc4 30. Qd1 Nb5 31. a4 Nc3 32. Qc2 Ne2 33. Qxc4 dxc4 34.
Nbd2 Nxf4 35. Nxc4 Nd5 36. b5 Nc3 37. Nb2 Ne2 38. Nd3 Bxd4 39. Nb4 Bxf2 40. Nc6
Nc3 41. Nfe5 Bc5 42. Nxa7 Nxa4 43. g3 Ng6 44. Nd7 Kf7 45. Nc6 Ke8 46. Ndb8 Nc3
47. Na7 Kd8 48. Na6 Bd6 49. Kg2 Kd7 50. Kf3 Ne7 51. Ke3 Nc8 0-1

[Event "Mittelfrankenliga 05/06 (B1)"]
[Site "Mfr.2005/06-R2"]
[Date "2005.11.20"]
[Round "2.1"]
[White "Seitz, Hans"]
[Black "Promyshlyanskiy, Vitaliy"]
[Result "1-0"]
[WhiteElo "2016"]
[BlackElo "2195"]
[Annotator "NT.Nbg.3-Herzogenaurach1"]
[PlyCount "77"]
[EventDate "2005.11.20"]
[SourceDate "2005.10.17"]

1. e4 Nc6 2. Nf3 d6 3. d4 Nf6 4. Nbd2 Bg4 5. c3 e5 6. Qc2 Qe7 7. d5 Nb8 8. Bd3
g6 9. O-O Bg7 10. Bb5+ Nbd7 11. h3 Bxf3 12. Nxf3 O-O 13. b4 Rac8 14. Be3 c5 15.
dxc6 bxc6 16. Ba6 Rc7 17. Rad1 d5 18. Bd3 c5 19. Qb1 Rb8 20. a3 a5 21. b5 c4
22. Bc2 dxe4 23. Bxe4 Nxe4 24. Qxe4 Rxb5 25. Qa8+ Qf8 26. Qa6 Rb3 27. Qxa5 Rcb7
28. a4 e4 29. Nd4 Ra3 30. Nb5 Ra2 31. Rd5 Bf6 32. Qa6 Qb8 33. Rfd1 Kg7 34. Nd6
Rbb2 35. Nxe4 Nb6 36. Nxf6 Rxa4 37. Ng4 Rxa6 38. Bh6+ Kg8 39. Rd8+ 1-0

[Event "Mittelfrankenliga 05/06 (B1)"]
[Site "Mfr.2005/06-R2"]
[Date "2005.11.20"]
[Round "2.2"]
[White "Vogiatzis, Dimitrios"]
[Black "Glitz, Martin"]
[Result "1/2-1/2"]
[WhiteElo "1967"]
[BlackElo "1998"]
[Annotator "NT.Nbg.3-Herzogenaurach1"]
[PlyCount "50"]
[EventDate "2005.11.20"]
[SourceDate "2005.10.17"]

1. e4 c6 2. Nf3 d5 3. exd5 cxd5 4. Ne5 Nf6 5. d4 g6 6. Bd3 Bg7 7. O-O O-O 8. c3
Nbd7 9. f4 e6 10. Qe2 Qc7 11. b3 Re8 12. Bb2 b6 13. Nd2 Bb7 14. Rac1 Rac8 15.
a4 Red8 16. Rce1 Qd6 17. Nb1 Nf8 18. Nd2 N6d7 19. Bb5 Nf6 20. Rf2 Ra8 21. Bd3
N6d7 22. Nb1 Nf6 23. Nd2 N6d7 24. Nb1 Nf6 25. Nd2 N6d7 1/2-1/2

[Event "Mittelfrankenliga 05/06 (B1)"]
[Site "Mfr.2005/06-R2"]
[Date "2005.11.20"]
[Round "2.4"]
[White "Renner, Christian"]
[Black "Trockmann, Rafael"]
[Result "1-0"]
[WhiteElo "1920"]
[BlackElo "1912"]
[Annotator "NT.Nbg.3-Herzogenaurach1"]
[PlyCount "82"]
[EventDate "2005.11.20"]
[SourceDate "2005.10.17"]

1. d4 c5 2. d5 d6 3. e4 e5 4. Nc3 Be7 5. a4 a5 6. Nf3 Nf6 7. Bb5+ Nbd7 8. O-O
O-O 9. Ne1 Ne8 10. f4 exf4 11. Bxf4 f6 12. Qd2 Nc7 13. Nf3 Rf7 14. Be3 b6 15.
Rf2 Nf8 16. Raf1 Nxb5 17. Nxb5 Ba6 18. Ng5 Bxb5 19. axb5 Ng6 20. Nxf7 Kxf7 21.
Bf4 Qd7 22. Qe2 Kg8 23. Bg3 Rc8 24. c4 Re8 25. Qf3 Bf8 26. Qf5 Qe7 27. Re1 Qd8
28. Rf3 Ne5 29. Bxe5 Rxe5 30. Qg4 Qe8 31. Rf5 Re7 32. Rxf6 Kh8 33. Rxd6 Rb7 34.
Re6 Qd7 35. e5 g6 36. Qf3 Bg7 37. Rf1 Qd8 38. Rd6 Qe8 39. Re6 Re7 40. Rxe7 Qxe7
41. d6 Qxe5 1-0

[Event "Mittelfrankenliga 05/06 (B1)"]
[Site "Mfr.2005/06-R2"]
[Date "2005.11.20"]
[Round "2.6"]
[White "Krauss, Hermann"]
[Black "Boehm, Reinhard,Dr."]
[Result "0-1"]
[WhiteElo "1999"]
[BlackElo "1844"]
[Annotator "NT.Nbg.3-Herzogenaurach1"]
[PlyCount "158"]
[EventDate "2005.11.20"]
[SourceDate "2005.10.17"]

1. c4 f5 2. g3 Nf6 3. Bg2 e6 4. Nf3 d5 5. b3 Be7 6. O-O O-O 7. Ba3 c6 8. d3
Bxa3 9. Nxa3 Qe7 10. Qc1 e5 11. cxd5 cxd5 12. Nb5 Nc6 13. Qa3 Qxa3 14. Nxa3 Bd7
15. Rfd1 Rfd8 16. d4 e4 17. Ne5 Rac8 18. Rac1 Be8 19. Bh3 g6 20. Nxc6 Rxc6 21.
Rxc6 Bxc6 22. Rc1 a6 23. Kf1 Kf8 24. Ke1 Ke7 25. e3 Kd6 26. Bf1 Rc8 27. Be2 Rc7
28. h4 Bd7 29. Rxc7 Kxc7 30. Kd2 b5 31. Kc3 Kb6 32. Nc2 Bc6 33. Ne1 a5 34. a3
Bd7 35. Ng2 Be8 36. Nf4 Bf7 37. Ng2 Nd7 38. Nf4 Nf6 39. b4 a4 40. Kd2 Ne8 41.
Ke1 Nd6 42. Nh3 h6 43. Nf4 Kc6 44. Nh3 Ne8 45. Kd2 Nc7 46. Nf4 g5 47. Bh5 Bxh5
48. Nxh5 Ne8 49. Ke2 Kd6 50. Kd1 Ke6 51. hxg5 hxg5 52. g4 fxg4 53. Ng3 Nd6 54.
Ne2 Nc4 55. Nc3 Nxa3 56. Kc1 Kd6 57. Kb2 Nc4+ 58. Kc2 Kc6 59. Ne2 Nd6 60. Ng3
Kd7 61. Kc1 Ke6 62. Ne2 Kd7 63. Nc3 Kc6 64. Ne2 Ne8 65. Kb2 Nc7 66. Ng3 Na6 67.
Ka3 Kd6 68. Nf5+ Ke6 69. Nh6 g3 70. fxg3 Nc7 71. Ng4 Ne8 72. Ne5 Nd6 73. Nc6
Nc4+ 74. Ka2 Nxe3 75. Na7 Nc2 76. Nxb5 Nxb4+ 77. Ka3 Nc6 78. Kxa4 e3 79. Nc3
Nxd4 0-1

[Event "Mittelfrankenliga 05/06 (B1)"]
[Site "Mfr.2005/06-R2"]
[Date "2005.11.20"]
[Round "2.7"]
[White "Wolter, Norbert"]
[Black "Puehn, Georg"]
[Result "1/2-1/2"]
[WhiteElo "1748"]
[BlackElo "1901"]
[Annotator "NT.Nbg.3-Herzogenaurach1"]
[PlyCount "44"]
[EventDate "2005.11.20"]
[SourceDate "2005.10.17"]

1. c4 c6 2. g3 d5 3. Bg2 Nf6 4. Nf3 e6 5. b3 Nbd7 6. O-O Be7 7. d4 O-O 8. Nc3
b6 9. Re1 Ba6 10. Nd2 Rc8 11. e4 dxe4 12. Ncxe4 Nxe4 13. Nxe4 Nf6 14. Bb2 Nxe4
15. Bxe4 Bf6 16. Qc2 g6 17. Rad1 Qe7 18. Qb1 Bb7 19. d5 Bxb2 20. Qxb2 Rfd8 21.
dxc6 Bxc6 22. Bxc6 Rxc6 1/2-1/2

[Event "Mittelfrankenliga 05/06 (B1)"]
[Site "Mfr.2005/06-R2"]
[Date "2005.11.20"]
[Round "2.8"]
[White "Blank, Helmut"]
[Black "Habermann, Manfred,Dr."]
[Result "1/2-1/2"]
[WhiteElo "1969"]
[BlackElo "1857"]
[Annotator "NT.Nbg.3-Herzogenaurach1"]
[PlyCount "62"]
[EventDate "2005.11.20"]
[SourceDate "2005.10.17"]

1. e4 g6 2. d4 d6 3. Be3 Bg7 4. Nc3 Nd7 5. Qd2 h6 6. Be2 e6 7. f4 Ne7 8. Bf3 f5
9. e5 d5 10. Nge2 b6 11. b4 c6 12. O-O Qc7 13. Rfb1 Bb7 14. Nc1 a5 15. bxa5
Rxa5 16. Nb3 Ra7 17. a4 Kf7 18. Rb2 Rha8 19. Rba2 Ba6 20. a5 b5 21. Be2 Bf8 22.
Nd1 Ng8 23. Nb2 Be7 24. Kf2 Qd8 25. Nd3 h5 26. Nb4 Rc8 27. c3 Nh6 28. h3 Qf8
29. Kg1 Kg7 30. Kh1 Nf7 31. Kh2 Qh8 1/2-1/2

[Event "Mittelfrankenliga 05/06 (B1)"]
[Site "Mfr.2005/06-R2"]
[Date "2005.11.20"]
[Round "2.1"]
[White "Hoermann, Gunther"]
[Black "Erlbeck, Peter"]
[Result "1/2-1/2"]
[WhiteElo "2131"]
[BlackElo "1991"]
[Annotator "SWNbg2-Cadolzburg1"]
[PlyCount "140"]
[EventDate "2005.11.20"]
[SourceDate "2005.10.17"]

1. e4 c5 2. Nc3 Nc6 3. Bb5 g6 4. Bxc6 dxc6 5. d3 Nf6 6. Be3 Nd7 7. f4 Bg7 8.
Nge2 Qc7 9. Qd2 a5 10. O-O a4 11. a3 b6 12. f5 Be5 13. Bf4 Bxf4 14. Rxf4 g5 15.
Rf2 h6 16. Nd1 Nf6 17. Ne3 Ba6 18. Qc3 O-O-O 19. b3 axb3 20. Qxb3 c4 21. Nxc4
Bxc4 22. Qxc4 Ng4 23. g3 Nxf2 24. Kxf2 e5 25. fxe6 fxe6 26. Qxe6+ Kb7 27. a4
Rhf8+ 28. Ke3 Rd6 29. Qb3 Rdf6 30. Nd4 Qe5 31. Re1 g4 32. Qc3 Qg5+ 33. Ke2 Rf2+
34. Kd1 Qf6 35. e5 Qe7 36. Qxc6+ Ka6 37. a5 Qb4 38. Qxb6+ Qxb6 39. axb6 Kxb6
40. Re2 Rxe2 41. Kxe2 Re8 42. e6 Kc5 43. Ke3 Kd5 44. c3 Ke5 45. e7 h5 46. c4
Kd6 47. Kf4 Kxe7 48. Nf5+ Kf6 49. Nd6 Re2 50. Ne4+ Ke6 51. d4 Rxh2 52. d5+ Kd7
53. c5 Rc2 54. Kg5 Rc4 55. Kf5 Kc7 56. Ke5 Rc1 57. c6 Re1 58. Kf5 Re3 59. Kf4
Rd3 60. Nf6 Rf3+ 61. Kg5 Rxf6 62. Kxf6 h4 63. gxh4 g3 64. Ke7 g2 65. d6+ Kxc6
66. d7 g1=Q 67. d8=Q Qg7+ 68. Ke6 Qg4+ 69. Kf7 Qh5+ 70. Kg7 Kb7 1/2-1/2

[Event "Mittelfrankenliga 05/06 (B1)"]
[Site "Mfr.2005/06-R2"]
[Date "2005.11.20"]
[Round "2.2"]
[White "Woerl, Richard"]
[Black "Rausch, Wolfgang"]
[Result "1-0"]
[WhiteElo "1977"]
[BlackElo "2071"]
[Annotator "SWNbg2-Cadolzburg1"]
[PlyCount "77"]
[EventDate "2005.11.20"]
[SourceDate "2005.10.17"]

1. e4 c6 2. d4 d5 3. exd5 cxd5 4. Bd3 Nc6 5. c3 g6 6. Be3 Nh6 7. h3 f6 8. f4
Qb6 9. b3 Bf5 10. g4 Bxd3 11. Qxd3 e6 12. Nf3 Qc7 13. Nbd2 Kf7 14. O-O Kg7 15.
Kg2 Bd6 16. f5 exf5 17. Bxh6+ Kxh6 18. Qe3+ Bf4 19. Qe6 Bxd2 20. Qxf6 Bxc3 21.
Nh4 Nxd4 22. Rxf5 Qg3+ 23. Kxg3 Ne2+ 24. Kf2 Bxf6 25. Rxf6 Kg5 26. Rf7 Kxh4 27.
Kxe2 b6 28. Rf3 Rhe8+ 29. Kd3 Re7 30. a4 Rc8 31. Ra2 Rc1 32. Re2 Rd1+ 33. Rd2
Rxd2+ 34. Kxd2 d4 35. b4 h6 36. b5 Re3 37. Rf7 Rxh3 38. Rxa7 Kxg4 39. Rd7 1-0

[Event "Mittelfrankenliga 05/06 (B1)"]
[Site "Mfr.2005/06-R2"]
[Date "2005.11.20"]
[Round "2.3"]
[White "Strobel, Norbert"]
[Black "Hirn, Erwin"]
[Result "0-1"]
[WhiteElo "1998"]
[BlackElo "1986"]
[Annotator "SWNbg2-Cadolzburg1"]
[PlyCount "38"]
[EventDate "2005.11.20"]
[SourceDate "2005.10.17"]

1. d4 Nf6 2. Nf3 d5 3. c4 e6 4. Nc3 Be7 5. Bg5 O-O 6. e3 b6 7. Bd3 Nbd7 8. O-O
Bb7 9. Rc1 dxc4 10. Bxc4 Ne4 11. Bxe7 Qxe7 12. Bd3 Nxc3 13. Rxc3 c5 14. Bb5
Rfd8 15. Qe2 e5 16. Bxd7 exd4 17. Rc2 Rxd7 18. exd4 Qxe2 19. Rxe2 Ba6 0-1

[Event "Mittelfrankenliga 05/06 (B1)"]
[Site "Mfr.2005/06-R2"]
[Date "2005.11.20"]
[Round "2.4"]
[White "Schuster, Norbert[59]"]
[Black "Metzenroth, Dieter"]
[Result "1-0"]
[WhiteElo "1960"]
[BlackElo "1855"]
[Annotator "SWNbg2-Cadolzburg1"]
[PlyCount "115"]
[EventDate "2005.11.20"]
[SourceDate "2005.10.17"]

1. d4 Nf6 2. Nf3 g6 3. c4 d5 4. Bf4 Bg7 5. e3 O-O 6. Nc3 c6 7. h3 dxc4 8. Bxc4
Nbd7 9. O-O Nb6 10. Bb3 Nbd5 11. Be5 Nxc3 12. bxc3 Qa5 13. c4 Rd8 14. Rc1 Nd7
15. Bxg7 Kxg7 16. c5 h6 17. Qc2 Nf6 18. Ne5 Bf5 19. Qb2 Nd5 20. Bxd5 cxd5 21.
Qxb7 Re8 22. Qxd5 Be6 23. Qf3 Qxa2 24. Ra1 Qd5 25. Rfb1 Qxf3 26. Nxf3 Bd5 27.
Ra6 Rec8 28. Nd2 f5 29. f3 Rc7 30. Rba1 Bc6 31. R6a5 Kf7 32. Nc4 Kg7 33. Ne5
Bd5 34. Ra6 e6 35. Kf2 Kh7 36. Re1 Rb8 37. e4 fxe4 38. fxe4 Rb2+ 39. Re2 Rxe2+
40. Kxe2 Bxe4 41. Rxe6 Bxg2 42. h4 Be4 43. Ke3 Bf5 44. Ra6 Kg7 45. Kf4 Bd7 46.
Rxg6+ Kh7 47. Rf6 Be8 48. Nc4 Bc6 49. Ke5 Bb5 50. Nd6 Bd3 51. Rf7+ Rxf7 52.
Nxf7 a5 53. d5 a4 54. Kd4 a3 55. Kc3 a2 56. Kb2 Bc4 57. d6 Be6 58. c6 1-0

[Event "Mittelfrankenliga 05/06 (B1)"]
[Site "Mfr.2005/06-R2"]
[Date "2005.11.20"]
[Round "2.5"]
[White "Zwingel, Stephan"]
[Black "Werner, Andreas[68]"]
[Result "1-0"]
[WhiteElo "1913"]
[BlackElo "1938"]
[Annotator "SWNbg2-Cadolzburg1"]
[PlyCount "75"]
[EventDate "2005.11.20"]
[SourceDate "2005.10.17"]

1. Nf3 d5 2. c4 c6 3. g3 Nf6 4. Bg2 e6 5. b3 g6 6. Bb2 Bg7 7. O-O O-O 8. d3
Nbd7 9. Nbd2 Rb8 10. Qc2 c5 11. e3 b6 12. d4 Bb7 13. Rac1 Rc8 14. Qb1 Qe7 15.
Rfe1 Rfd8 16. cxd5 Bxd5 17. e4 Ba8 18. e5 Ne8 19. Ba3 Bh6 20. Rcd1 Nc7 21. Nc4
Nb5 22. Bb2 cxd4 23. Nxd4 Nxd4 24. Bxa8 Rxa8 25. Rxd4 Nc5 26. Nd6 Bg7 27. Rf4
Rf8 28. Rd1 Qg5 29. b4 Na4 30. Ne4 Qh5 31. Rh4 Qe2 32. Ba1 Rad8 33. Re1 Qa6 34.
Nd6 b5 35. Qe4 Nb6 36. Bd4 Nd5 37. Ra1 Qc6 38. Bc5 1-0

[Event "Mittelfrankenliga 05/06 (B1)"]
[Site "Mfr.2005/06-R2"]
[Date "2005.11.20"]
[Round "2.6"]
[White "Luther, Helmut"]
[Black "Truempelmann, Jochen"]
[Result "1-0"]
[WhiteElo "1896"]
[BlackElo "1947"]
[Annotator "SWNbg2-Cadolzburg1"]
[PlyCount "127"]
[EventDate "2005.11.20"]
[SourceDate "2005.10.17"]

1. d4 d5 2. Nf3 Nf6 3. Bg5 e6 4. e3 c5 5. c3 Nc6 6. Bd3 h6 7. Bh4 Be7 8. Nbd2
O-O 9. O-O b6 10. Ne5 Nxe5 11. dxe5 Ne8 12. Bxe7 Qxe7 13. f4 f5 14. exf6 Nxf6
15. Nf3 Nd7 16. Bb1 Ba6 17. Re1 Bb7 18. Qd3 Nf6 19. Ne5 Rfd8 20. Qg6 Qe8 21.
Qg3 Ne4 22. Qh3 Rd6 23. g4 Qe7 24. Rf1 Qf6 25. Qh5 Nd2 26. Rf2 Nxb1 27. Rxb1
Rf8 28. Ng6 Rf7 29. g5 Qf5 30. Rbf1 Ba6 31. Nh4 Qe4 32. Re1 hxg5 33. Qxg5 Rf6
34. Rg2 Rf7 35. Ng6 e5 36. Qh5 Rxg6 37. Qxg6 Qxg6 38. Rxg6 exf4 39. exf4 Rxf4
40. Rg5 d4 41. cxd4 cxd4 42. Re7 Rf1+ 43. Kg2 Rf7 44. Rxf7 Kxf7 45. Kf2 Bc4 46.
a3 Be6 47. Rh5 Kf6 48. Rh4 Ke5 49. Rh7 Kf6 50. Rh8 Bc4 51. Rd8 Ke5 52. Rd7 g6
53. Rxa7 b5 54. Ke1 Kf4 55. Kd2 Kf3 56. Rg7 Kg2 57. h4 Kh3 58. Rxg6 Kxh4 59.
Rd6 Kg5 60. Rxd4 Be6 61. Kc3 Kf6 62. Kb4 Ke5 63. Rd8 Bc4 64. a4 1-0

[Event "Mittelfrankenliga 05/06 (B1)"]
[Site "Mfr.2005/06-R2"]
[Date "2005.11.20"]
[Round "2.7"]
[White "Kollitz, Carsten"]
[Black "Siptitz, Friedrich,Dr."]
[Result "0-1"]
[WhiteElo "1708"]
[BlackElo "1949"]
[Annotator "SWNbg2-Cadolzburg1"]
[PlyCount "144"]
[EventDate "2005.11.20"]
[SourceDate "2005.10.17"]

1. e4 g6 2. d4 Bg7 3. Nc3 c6 4. Nf3 d5 5. Bf4 dxe4 6. Nxe4 Bg4 7. c3 Nd7 8. h3
Bxf3 9. Qxf3 Ngf6 10. O-O-O Nd5 11. Bh2 O-O 12. Bc4 b5 13. Bb3 a5 14. Nd2 N7b6
15. h4 a4 16. Bc2 Nc4 17. Nxc4 bxc4 18. Qe2 a3 19. Qxc4 axb2+ 20. Kxb2 Qa5 21.
Bb3 Qa3+ 22. Kb1 e5 23. Bxe5 Bxe5 24. dxe5 Rfb8 25. Rd2 Rb6 26. Rb2 Ra5 27. Rc1
Qe7 28. Qd4 Qb7 29. Rcc2 Qc7 30. Kc1 Rb8 31. f4 Rd8 32. Qe4 Qa7 33. Qd4 Qxd4
34. cxd4 Nxf4 35. Rxc6 Nd3+ 36. Kc2 Nxb2 37. Kxb2 Rxd4 38. Rc7 Rf4 39. g3 Rf2+
40. Kc3 Rxe5 41. Kd4 Ra5 42. Rc3 Kg7 43. a4 h5 44. Kc4 Rff5 45. Kb4 Ra7 46. Bc2
Rb7+ 47. Ka3 Re5 48. Bd1 f6 49. Bf3 Rb6 50. Bc6 Kh6 51. Bb5 Rexb5 52. axb5 Rxb5
53. Ka4 Rb1 54. Rf3 f5 55. Rd3 Rf1 56. Kb3 f4 57. gxf4 Rxf4 58. Rh3 Rd4 59. Kc3
Rd8 60. Rg3 Rd1 61. Re3 Rd6 62. Re5 Kg7 63. Rg5 Kf6 64. Kc4 Rd1 65. Rg3 Rh1 66.
Rf3+ Ke5 67. Rg3 Rxh4+ 68. Kd3 Kf5 69. Ke3 Ra4 70. Kf2 g5 71. Rh3 h4 72. Kg2
Kg4 0-1

[Event "Mittelfrankenliga 05/06 (B1)"]
[Site "Mfr.2005/06-R2"]
[Date "2005.11.20"]
[Round "2.8"]
[White "Thuerauf, Peter"]
[Black "Goetz, Gerhard[48]"]
[Result "1-0"]
[WhiteElo "1863"]
[BlackElo "1936"]
[Annotator "SWNbg2-Cadolzburg1"]
[PlyCount "53"]
[EventDate "2005.11.20"]
[SourceDate "2005.10.17"]

1. d4 f5 2. c4 Nf6 3. g3 e6 4. Bg2 c6 5. Nh3 d5 6. O-O b6 7. Nc3 Ne4 8. Qc2 Nd7
9. f3 Nd6 10. e4 Nxc4 11. exf5 exf5 12. Re1+ Be7 13. Bg5 Nf6 14. Bxf6 gxf6 15.
Qe2 Kf7 16. f4 h5 17. Bf3 h4 18. Qg2 Bb7 19. Qe2 Nd6 20. Bh5+ Kf8 21. gxh4 Rg8+
22. Kh1 Ne4 23. Rg1 c5 24. Rxg8+ Kxg8 25. Rg1+ Kh8 26. Bf7 Ng5 27. hxg5 1-0

[Event "Mittelfrankenliga 05/06 (B1)"]
[Site "Mfr.2005/06-R2"]
[Date "2005.11.20"]
[Round "2.1"]
[White "Schneider, David[90]"]
[Black "Kroneder, Christian"]
[Result "1-0"]
[WhiteElo "2193"]
[BlackElo "2077"]
[Annotator "Schwanstetten1-Gr'seebach1"]
[PlyCount "57"]
[EventDate "2005.11.20"]
[SourceDate "2005.10.17"]

1. e4 c5 2. Nf3 Nc6 3. Bb5 g6 4. O-O Bg7 5. Bxc6 dxc6 6. d3 Nh6 7. h3 O-O 8.
Nc3 b6 9. Be3 f6 10. d4 cxd4 11. Nxd4 Qc7 12. Qe2 Nf7 13. Qc4 c5 14. Rad1 Kh8
15. Ne6 Bxe6 16. Qxe6 Nd8 17. Qd7 Rc8 18. Nb5 Qxd7 19. Rxd7 Nc6 20. Nxa7 Nxa7
21. Rxa7 f5 22. exf5 Bxb2 23. fxg6 hxg6 24. Rb1 Bd4 25. Rxb6 Bf6 26. a4 Rfd8
27. g4 g5 28. Rb5 Rd5 29. a5 1-0

[Event "Mittelfrankenliga 05/06 (B1)"]
[Site "Mfr.2005/06-R2"]
[Date "2005.11.20"]
[Round "2.2"]
[White "Wittmann, Karl"]
[Black "Suess, Stefan[87]"]
[Result "1/2-1/2"]
[WhiteElo "2056"]
[BlackElo "1869"]
[Annotator "Schwanstetten1-Gr'seebach1"]
[PlyCount "143"]
[EventDate "2005.11.20"]
[SourceDate "2005.10.17"]

1. e4 c5 2. Nf3 e6 3. d4 cxd4 4. Nxd4 a6 5. Bd3 d6 6. O-O Nf6 7. c4 Nbd7 8. Bc2
Qc7 9. b3 b6 10. Bb2 Bb7 11. Nc3 Be7 12. f4 O-O 13. g4 d5 14. cxd5 exd5 15. e5
Ne4 16. Rc1 Ndc5 17. Nxe4 dxe4 18. b4 Ne6 19. Bxe4 Qb8 20. Bxb7 Qxb7 21. Nxe6
fxe6 22. Qb3 Kh8 23. a3 Qe4 24. Qf3 Qg6 25. Rc6 a5 26. Rxb6 axb4 27. axb4 Ra2
28. Bd4 Bh4 29. f5 Qh6 30. Rxe6 Qd2 31. Bf2 Bxf2+ 32. Rxf2 Qe1+ 33. Kg2 Rxf2+
34. Qxf2 Qxb4 35. Qe2 Qb7+ 36. Kg3 Qb3+ 37. Qf3 Qb8 38. Rd6 Qb4 39. Qe3 Re8 40.
Rd4 Qb8 41. Kh3 Qb5 42. e6 Qf1+ 43. Kg3 Qb5 44. Qd3 Qe5+ 45. Kh3 Qf6 46. Qe3 h6
47. Kg3 Qe7 48. Qc3 Qa7 49. Kh3 Qe7 50. Rd7 Qg5 51. Qd2 Qf6 52. Qd4 Qg5 53. Kg3
Re7 54. h4 Qc1 55. Rxe7 Qa3+ 56. Kf4 Qxe7 57. g5 Qc7+ 58. Kg4 hxg5 59. hxg5 Kg8
60. Qf4 Qb7 61. f6 Qg2+ 62. Kh4 Qh1+ 63. Kg3 Qe1+ 64. Kf3 Qxe6 65. Qb8+ Kh7 66.
Qb1+ Kg8 67. Qg6 Qh3+ 68. Ke4 Qg2+ 69. Ke5 Qb2+ 70. Kd6 Qd4+ 71. Ke6 Qc4+ 72.
Kd6 1/2-1/2

[Event "Mittelfrankenliga 05/06 (B1)"]
[Site "Mfr.2005/06-R2"]
[Date "2005.11.20"]
[Round "2.3"]
[White "Seyb, Dieter"]
[Black "Manthey, Frank"]
[Result "1/2-1/2"]
[WhiteElo "2219"]
[BlackElo "2018"]
[Annotator "Schwanstetten1-Gr'seebach1"]
[PlyCount "140"]
[EventDate "2005.11.20"]
[SourceDate "2005.10.17"]

1. e4 c5 2. Nf3 Nc6 3. d4 cxd4 4. Nxd4 g6 5. Nc3 Bg7 6. Be3 Nf6 7. Bc4 O-O 8.
Bb3 Ng4 9. Qxg4 Nxd4 10. Qd1 Nxb3 11. axb3 a6 12. Nd5 d6 13. Bb6 Qd7 14. Bd4 e5
15. Be3 Qg4 16. Qxg4 Bxg4 17. Nb6 Rad8 18. O-O Be6 19. Rfd1 f5 20. f3 Bf6 21.
Rd3 Kf7 22. Rad1 Be7 23. Rc3 Kf6 24. Rc7 Rb8 25. Bg5+ Kxg5 26. Rxe7 Kf6 27.
Rxh7 Rfd8 28. Rc7 f4 29. Kf2 g5 30. h3 Kg6 31. Ke2 Kf6 32. c4 Kg6 33. Ra1 Rf8
34. Rd1 Rfd8 35. Kd2 Kf6 36. Kc3 Kg6 37. Kb4 Kf6 38. Ka5 Kg6 39. b4 Kf6 40. b5
axb5 41. Kxb5 Kg6 42. Ra1 Kh5 43. Re7 Re8 44. Rxe8 Rxe8 45. Rd1 Kh4 46. Rxd6
Kg3 47. Rd2 Bxh3 48. gxh3 Kxf3 49. Rd7 Kxe4 50. Rxb7 Kf5 51. Rf7+ Kg6 52. Ra7
e4 53. Nd5 Rb8+ 54. Kc5 Rxb2 55. Kd4 e3 56. Ra6+ Kh5 57. Nxe3 fxe3 58. Re6 e2
59. Kc3 Ra2 60. Kb3 Rd2 61. c5 Rd3+ 62. Kb4 Rxh3 63. Rxe2 Kg4 64. c6 Rh7 65.
Kc5 Kf3 66. Re8 g4 67. Kd6 g3 68. Rf8+ Ke2 69. c7 Rxc7 70. Re8+ Kf2 1/2-1/2

[Event "Mittelfrankenliga 05/06 (B1)"]
[Site "Mfr.2005/06-R2"]
[Date "2005.11.20"]
[Round "2.4"]
[White "Kotissek, Philipp"]
[Black "Borel, Markus"]
[Result "1-0"]
[WhiteElo "2048"]
[BlackElo "1900"]
[Annotator "Schwanstetten1-Gr'seebach1"]
[PlyCount "51"]
[EventDate "2005.11.20"]
[SourceDate "2005.10.17"]

1. c4 g6 2. g3 Bg7 3. Bg2 e5 4. Nc3 d6 5. e3 Nc6 6. Rb1 a5 7. a3 Nh6 8. b4 axb4
9. axb4 O-O 10. Nge2 Be6 11. Nd5 Qd7 12. b5 Na5 13. b6 c6 14. Nc7 Nxc4 15. Nxa8
Rxa8 16. d3 Na3 17. Bxa3 Rxa3 18. Qc2 Ra2 19. Qc1 Bh3 20. Bxc6 bxc6 21. b7 Qg4
22. b8=Q+ Bf8 23. Rb2 Qf3 24. Rxa2 Ng4 25. Ra8 Qxf2+ 26. Kd1 1-0

[Event "Mittelfrankenliga 05/06 (B1)"]
[Site "Mfr.2005/06-R2"]
[Date "2005.11.20"]
[Round "2.5"]
[White "Seyb, Alexander"]
[Black "Arlt, Michael"]
[Result "1-0"]
[WhiteElo "2067"]
[BlackElo "1944"]
[Annotator "Schwanstetten1-Gr'seebach1"]
[PlyCount "51"]
[EventDate "2005.11.20"]
[SourceDate "2005.10.17"]

1. e4 e5 2. Nf3 Nf6 3. Nxe5 d6 4. Nf3 Nxe4 5. Nc3 Nf6 6. d4 Be7 7. Bd3 Bg4 8.
h3 Bh5 9. Be3 d5 10. Qd2 Nbd7 11. Ne5 Bg6 12. O-O-O O-O 13. g4 Bxd3 14. Qxd3 c6
15. f4 Ne8 16. h4 f5 17. h5 Nd6 18. Rdg1 Nxe5 19. fxe5 Nc4 20. gxf5 Qb6 21. Na4
Qa5 22. h6 Bf6 23. b3 Nxe5 24. dxe5 Bxe5 25. hxg7 Bf6 26. gxf8=Q+ 1-0